[Event "GRE-chT 45th"]
[Site "Achaia"]
[Date "2017.07.06"]
[Round "5.7"]
[White "Kalaitzoglou, Panayotis"]
[Black "Mihopoulos, Konstantinos"]
[Result "1-0"]
[WhiteElo "2061"]
[BlackElo "2088"]
[PlyCount "83"]
[EventDate "2017.07.03"]
[EventType "team-swiss"]
[EventRounds "7"]
[EventCountry "GRE"]
[SourceTitle "CBM 179 Extra"]
[Source "ChessBase"]
[SourceDate "2017.08.23"]
[SourceVersion "1"]
[SourceVersionDate "2017.08.23"]
[SourceQuality "1"]
[WhiteTeam "Chania Kaissa"]
[BlackTeam "Three Stars 89"]
[WhiteTeamCountry "GRE"]
[BlackTeamCountry "GRE"]

1. e4 g6 2. d4 Bg7 3. Nc3 c6 4. f4 Qb6 5. Nf3 d5 6. e5 Bg4 7. Be2 Nh6 8. Na4 Qc7 9. 0-0 Nf5 10. h3 Bxf3 11. Rxf3 e6 12. b3 Bf8 13. c4 Nd7 14. Bb2 Nb6 15. Nxb6 Qxb6 16. c5 Qd8 17. b4 a6 18. a4 g5 19. Bd3 Nh4 20. Rf2 gxf4 21. Rxf4 Bh6 22. Rf6 Bg5 23. Rf1 Be3+ 24. Kh1 Qg5 25. Qe2 Qg3 26. Bc1 Bxd4 27. Bf4 Qg7 28. Ra2 Bc3 29. Qh5 Ng6 30. Bg5 Bxe5 31. Re2 Bc3 32. b5 axb5 33. axb5 Qd4 34. Bxg6 hxg6 35. Rxe6+ Kd7 36. Re7+ Kc8 37. Qe2 Rd8 38. b6 Ra1 39. Rxa1 Bxa1 40. Rc7+ Kb8 41. Bxd8 Qxc5 42. Rxf7 1-0

[Event "Heraklion op 19th"]
[Site "Heraklion"]
[Date "2017.01.05"]
[Round "5"]
[White "Mihopoulos, Konstantinos"]
[Black "Lirindzakis, Timotheos"]
[Result "1-0"]
[WhiteElo "1972"]
[BlackElo "2191"]
[PlyCount "127"]
[EventDate "2017.01.02"]
[EventType "swiss"]
[EventRounds "9"]
[EventCountry "GRE"]
[SourceTitle "CBM 176 Extra"]
[Source "ChessBase"]
[SourceDate "2017.03.02"]
[SourceVersion "1"]
[SourceVersionDate "2017.03.02"]
[SourceQuality "1"]

1. e4 e5 2. Nf3 Nc6 3. Bb5 a6 4. Ba4 Nf6 5. 0-0 Be7 6. Re1 b5 7. Bb3 d6 8. c3 0-0 9. h3 Bb7 10. d4 Re8 11. Ng5 Rf8 12. Nf3 Nd7 13. d5 Na5 14. Bc2 c6 15. dxc6 Bxc6 16. Nbd2 Re8 17. Nf1 Nc4 18. b3 Ncb6 19. Ne3 Bf8 20. Ba3 Qc7 21. c4 bxc4 22. bxc4 Rac8 23. Bd3 g6 24. Nd5 Bxd5 25. cxd5 Bh6 26. Re2 Nc5 27. Bxc5 Qxc5 28. Bxa6 Ra8 29. Bb7 Ra3 30. Rc2 Rc3 31. Rxc3 Qxc3 32. a4 Rb8 33. Bc6 Nc4 34. Rb1 Rxb1 35. Qxb1 Qc1+ 36. Qxc1 Bxc1 37. Bb5 Na5 38. Kf1 Ba3 39. Ne1 Bc5 40. Nd3 Bb6 41. Nc1 Kf8 42. Ke2 Ke7 43. g3 f5 44. exf5 gxf5 45. f3 Kf6 46. Ba6 h6 47. h4 Bd4 48. h5 Bb6 49. Kd3 Bf2 50. g4 e4+ 51. fxe4 fxg4 52. Bc8 g3 53. Bh3 Ke5 54. Bg2 Be1 55. Ke2 Bc3 56. Kf3 Nb7 57. Nd3+ Kd4 58. Nf4 Be1 59. Ne2+ Ke5 60. Nxg3 Nc5 61. Nf5 Bd2 62. Ke2 Ba5 63. Nxh6 Bc7 64. Ng4+ 1-0

[Event "Heraklion Gazi op 11th"]
[Site "Heraklion"]
[Date "2015.07.26"]
[Round "2"]
[White "Mihopoulos, Konstantinos"]
[Black "Iasman, Inna"]
[Result "1-0"]
[WhiteElo "2055"]
[BlackElo "1904"]
[PlyCount "77"]
[EventDate "2015.07.25"]
[EventType "swiss"]
[EventRounds "9"]
[EventCountry "GRE"]
[SourceTitle "CBM 167 Extra"]
[Source "ChessBase"]
[SourceDate "2015.09.14"]
[SourceVersion "1"]
[SourceVersionDate "2015.09.14"]
[SourceQuality "1"]

1. Nf3 d5 2. c4 c6 3. g3 Nf6 4. Bg2 Bf5 5. 0-0 e6 6. d3 h6 7. Qb3 Qb6 8. Qxb6 axb6 9. cxd5 exd5 10. Nc3 Bc5 11. Nd2 0-0 12. e4 dxe4 13. dxe4 Be6 14. h3 Nbd7 15. Nf3 b5 16. e5 b4 17. exf6 bxc3 18. fxg7 Kxg7 19. bxc3 Rxa2 20. Rxa2 Bxa2 21. Rd1 Nf6 22. Nd4 Bb1 23. Bxh6+ Kxh6 24. Rxb1 b6 25. Bxc6 Rd8 26. Kg2 Kg6 27. Bf3 Nd7 28. Rb5 Ne5 29. Be4+ Kf6 30. Nb3 Rc8 31. Nxc5 bxc5 32. f4 Nc4 33. g4 Nd6 34. Rb6 Ke7 35. Bd5 c4 36. Rc6 Rb8 37. Bxc4 Rb2+ 38. Kf3 Rh2 39. Bf1 1-0

[Event "Nikaia Fysiolatriko op A"]
[Site "Nikaia"]
[Date "2015.06.18"]
[Round "2"]
[White "Abelakiotis, Stavros"]
[Black "Mihopoulos, Konstantinos"]
[Result "0-1"]
[WhiteElo "1673"]
[BlackElo "2048"]
[PlyCount "92"]
[EventDate "2015.06.16"]
[EventType "swiss"]
[EventRounds "9"]
[EventCountry "GRE"]
[SourceTitle "EXT 2024"]
[Source "ChessBase"]
[SourceDate "2023.10.10"]
[SourceVersion "1"]
[SourceVersionDate "2023.10.10"]
[SourceQuality "1"]

1. e4 c5 2. Nf3 e6 3. g3 Nc6 4. Bg2 e5 5. 0-0 g6 6. c3 Bg7 7. d3 Nge7 8. Be3 d6 9. d4 cxd4 10. cxd4 0-0 11. Qd2 Bg4 12. d5 Bxf3 13. Bxf3 Nd4 14. Bg2 Rc8 15. Nc3 Qa5 16. Kh1 b5 17. Rfd1 b4 18. Bxd4 exd4 19. Ne2 d3 20. Qxd3 Bxb2 21. Rab1 Bg7 22. Qd2 Rc4 23. Rdc1 Rfc8 24. Rxc4 Rxc4 25. Nc1 Qc7 26. Nd3 a5 27. Rc1 Rc3 28. Rxc3 Qxc3 29. Qxc3 Bxc3 30. Bf3 f5 31. e5 dxe5 32. d6 e4 33. dxe7 Kf7 34. Nxb4 exf3 35. Nd5 Bb4 36. e8Q+ Kxe8 37. Nf6+ Kf7 38. Nxh7 Be7 39. h4 Ke6 40. Ng5+ Bxg5 41. hxg5 Kd5 42. Kg1 Kd4 43. Kf1 Kd3 44. Ke1 Kc2 45. a4 Kc1 46. Kf1 Kd1 0-1

[Event "Nikaia Fysiolatriko op A"]
[Site "Nikaia"]
[Date "2015.06.16"]
[Round "1"]
[White "Mihopoulos, Konstantinos"]
[Black "Gerontis, Nikolaos"]
[Result "1-0"]
[WhiteElo "2048"]
[BlackElo "1624"]
[PlyCount "65"]
[EventDate "2015.06.16"]
[EventType "swiss"]
[EventRounds "9"]
[EventCountry "GRE"]
[SourceTitle "EXT 2024"]
[Source "ChessBase"]
[SourceDate "2023.10.10"]
[SourceVersion "1"]
[SourceVersionDate "2023.10.10"]
[SourceQuality "1"]

1. e4 c5 2. Nf3 e6 3. d4 cxd4 4. Nxd4 a6 5. c4 Nf6 6. f3 Qc7 7. Be2 Bd6 8. g3 h5 9. Nc3 h4 10. gxh4 Bxh2 11. Bg5 Bg3+ 12. Kd2 Bxh4 13. Bxh4 Qf4+ 14. Kc2 Rxh4 15. Rxh4 Qxh4 16. Na4 Nc6 17. Nxc6 bxc6 18. Qd6 Qf2 19. Kd3 Nh5 20. Rh1 g6 21. Rh2 Qa7 22. f4 Qb8 23. Qxb8 Rxb8 24. Bxh5 gxh5 25. e5 Ke7 26. Rxh5 Bb7 27. Nc5 d5 28. exd6+ Kxd6 29. b4 Ke7 30. Kc3 Bc8 31. Rh8 Ra8 32. Kd4 Kf6 33. Nd7+ 1-0

[Event "Paleochora op 7th"]
[Site "Paleochora"]
[Date "2014.07.26"]
[Round "7"]
[White "Kang, Chuanqi"]
[Black "Mihopoulos, Konstantinos"]
[Result "1-0"]
[WhiteElo "2327"]
[BlackElo "2034"]
[PlyCount "69"]
[EventDate "2014.07.21"]
[EventType "swiss"]
[EventRounds "9"]
[EventCountry "GRE"]
[SourceTitle "CBM 161 Extra"]
[Source "ChessBase"]
[SourceDate "2014.08.29"]
[SourceVersion "1"]
[SourceVersionDate "2014.08.29"]
[SourceQuality "1"]

1. e4 g6 2. d4 c6 3. c4 Bg7 4. Nc3 d6 5. Be3 Qc7 6. Qd2 e5 7. Nge2 h5 8. 0-0-0 Ne7 9. f4 Bd7 10. c5 dxc5 11. dxe5 Na6 12. Qd6 Qxd6 13. exd6 Ng8 14. Ng3 b5 15. e5 c4 16. Nge4 Nh6 17. a4 Nf5 18. Bf2 0-0 19. axb5 cxb5 20. Nd5 Bc6 21. Be2 Kh8 22. Rhg1 Rac8 23. g3 Nb4 24. Nxb4 Bxe4 25. Bxa7 Ra8 26. Bb6 Ra4 27. d7 Rxb4 28. d8Q Rxd8 29. Rxd8+ Kh7 30. Bd1 c3 31. b3 c2 32. Bxc2 Bxc2 33. Kxc2 g5 34. Bc5 Re4 35. Kd3 1-0

[Event "Petroupoli ASOP Dias op"]
[Site "Petroupoli"]
[Date "2014.04.02"]
[Round "6.8"]
[White "Mihopoulos, Konstantinos"]
[Black "Koutourinis, Apostolos"]
[Result "1/2-1/2"]
[WhiteElo "2064"]
[BlackElo "1960"]
[PlyCount "89"]
[EventDate "2014.02.26"]
[EventType "swiss"]
[EventRounds "7"]
[EventCountry "GRE"]
[SourceTitle "EXT 2024"]
[Source "ChessBase"]
[SourceDate "2023.10.10"]
[SourceVersion "1"]
[SourceVersionDate "2023.10.10"]
[SourceQuality "1"]

1. e4 c5 2. Nf3 d6 3. g3 g6 4. Bg2 Bg7 5. 0-0 Nf6 6. Re1 0-0 7. c3 Nc6 8. d4 e5 9. d5 Ne7 10. h3 Ne8 11. Nh2 f5 12. f3 b5 13. b3 a5 14. a4 b4 15. c4 h6 16. g4 f4 17. h4 g5 18. h5 Kf7 19. Bb2 Qc7 20. Nf1 Nf6 21. Nbd2 Bd7 22. Kf2 Qc8 23. Nh2 Ra6 24. Ke2 Ke8 25. Kd3 Kd8 26. Kc2 Kc7 27. Rc1 Kb6 28. Kb1 Ka7 29. Ka2 Ka8 30. Bh3 Rh8 31. Bf1 Ra7 32. Bd3 Ne8 33. Nb1 Ng8 34. Rc2 Bf8 35. Ree2 Qd8 36. Qh1 Bc8 37. Nf1 Nef6 38. Rh2 Nd7 39. Rcg2 Nb8 40. Nfd2 Kb7 41. Ba1 Ra8 42. Qc1 Kc7 43. Qb2 Kd7 44. Bc2 Ke8 45. Rh1 1/2-1/2

[Event "Paleochora op 5th"]
[Site "Paleochora"]
[Date "2012.07.20"]
[Round "6"]
[White "Mihopoulos, Konstantinos"]
[Black "Zinchenko, Yaroslav"]
[Result "0-1"]
[WhiteElo "2027"]
[BlackElo "2544"]
[PlyCount "50"]
[EventDate "2012.07.16"]
[EventType "swiss"]
[EventRounds "9"]
[EventCountry "GRE"]
[SourceTitle "CBM 149 Extra"]
[Source "ChessBase"]
[SourceDate "2012.08.24"]
[SourceVersion "1"]
[SourceVersionDate "2012.08.24"]
[SourceQuality "1"]

1. c4 Nf6 2. g3 g6 3. Bg2 d5 4. cxd5 Nxd5 5. Nc3 Nb6 6. d3 Bg7 7. Be3 Nc6 8. Bxc6+ bxc6 9. Qd2 h6 10. Qc2 0-0 11. Nf3 Bh3 12. Rg1 Bg4 13. Nd2 Nd5 14. Bc5 Rb8 15. Rb1 Nb4 16. Qa4 Bxe2 17. Bxb4 Bxd3 18. Rd1 Qd4 19. Ba3 Qe5+ 20. Nde4 Rfd8 21. f4 Qe6 22. Rxd3 Rxd3 23. Kf1 Bxc3 24. Nxc3 Rxc3 25. Qxa7 Rc2 0-1

[Event "Paleochora op 5th"]
[Site "Paleochora"]
[Date "2012.07.17"]
[Round "2"]
[White "Mihopoulos, Konstantinos"]
[Black "Neelotpal, Das"]
[Result "0-1"]
[WhiteElo "2027"]
[BlackElo "2456"]
[PlyCount "42"]
[EventDate "2012.07.16"]
[EventType "swiss"]
[EventRounds "9"]
[EventCountry "GRE"]
[SourceTitle "CBM 149 Extra"]
[Source "ChessBase"]
[SourceDate "2012.08.24"]
[SourceVersion "1"]
[SourceVersionDate "2012.08.24"]
[SourceQuality "1"]

1. c4 Nf6 2. g3 c6 3. Nf3 d5 4. Bg2 Bf5 5. 0-0 e6 6. d3 Nbd7 7. Nh4 Bg6 8. Nxg6 hxg6 9. cxd5 cxd5 10. Qb3 Nc5 11. Qb5+ Qd7 12. Nc3 Rc8 13. Bf4 Rc6 14. Na4 a6 15. Nxc5 Bxc5 16. Qb3 0-0 17. Rfc1 Rfc8 18. Rc3 Bd4 19. Rxc6 Rxc6 20. Qa4 Bxb2 21. Rb1 Rc1+ 0-1

[Event "Golden Sands Europe op 1st"]
[Site "Golden Sands"]
[Date "2012.06.08"]
[Round "5"]
[White "Mihopoulos, Konstantinos"]
[Black "Guempel, Viktor"]
[Result "1/2-1/2"]
[WhiteElo "1978"]
[BlackElo "2266"]
[PlyCount "70"]
[EventDate "2012.06.04"]
[EventType "swiss"]
[EventRounds "9"]
[EventCountry "BUL"]
[SourceTitle "CBM 148 Extra"]
[Source "ChessBase"]
[SourceDate "2012.06.22"]
[SourceVersion "1"]
[SourceVersionDate "2012.06.22"]
[SourceQuality "1"]

1. c4 Nf6 2. g3 c6 3. Bg2 d5 4. Nf3 Bg4 5. Ne5 Be6 6. 0-0 g6 7. d4 Bg7 8. cxd5 Bxd5 9. f3 Be6 10. e4 h5 11. Nc3 h4 12. f4 hxg3 13. hxg3 Qb6 14. Na4 Qd8 15. Nc5 Qc8 16. Nxe6 Qxe6 17. f5 gxf5 18. exf5 Qd6 19. Bf4 Nh5 20. Qb3 Qxd4+ 21. Rf2 Bxe5 22. Bxe5 Qxe5 23. Qxb7 0-0 24. Qxa8 Qc5 25. Qb7 Nxg3 26. Qc7 Qe3 27. Bf3 Kh8 28. Rd1 Rg8 29. Bg2 Na6 30. Qxc6 Ne4 31. Qc2 Nac5 32. b4 Na4 33. Rd3 Qxf2+ 34. Qxf2 Nxf2 35. Kxf2 a6 1/2-1/2

[Event "Golden Sands Europe op 1st"]
[Site "Golden Sands"]
[Date "2012.06.07"]
[Round "4"]
[White "Dimitrov, Pavel"]
[Black "Mihopoulos, Konstantinos"]
[Result "1-0"]
[WhiteElo "2323"]
[BlackElo "1978"]
[PlyCount "59"]
[EventDate "2012.06.04"]
[EventType "swiss"]
[EventRounds "9"]
[EventCountry "BUL"]
[SourceTitle "CBM 148 Extra"]
[Source "ChessBase"]
[SourceDate "2012.06.22"]
[SourceVersion "1"]
[SourceVersionDate "2012.06.22"]
[SourceQuality "1"]

1. e4 c5 2. d4 cxd4 3. c3 Nf6 4. e5 Nd5 5. cxd4 d6 6. Nf3 e6 7. Bd3 Nc6 8. 0-0 Be7 9. a3 dxe5 10. dxe5 g5 11. Re1 g4 12. Nfd2 Qc7 13. Nc4 h5 14. Be4 Nb6 15. Nd6+ Kf8 16. Bf4 a6 17. Nc3 Bd7 18. Rc1 Rd8 19. Qd2 Nc8 20. Bh6+ Kg8 21. Bg5 f6 22. Bxf6 Bxf6 23. exf6 Be8 24. Qg5+ Kf8 25. Nxe8 Rxe8 26. Bg6 Rd8 27. Rxe6 Nd4 28. Re4 Nb3 29. Rce1 Nd6 30. Qe5 1-0

[Event "Golden Sands Europe op 1st"]
[Site "Golden Sands"]
[Date "2012.06.05"]
[Round "2"]
[White "Zhang, Xiaowen"]
[Black "Mihopoulos, Konstantinos"]
[Result "0-1"]
[WhiteElo "2385"]
[BlackElo "1978"]
[PlyCount "110"]
[EventDate "2012.06.04"]
[EventType "swiss"]
[EventRounds "9"]
[EventCountry "BUL"]
[SourceTitle "CBM 148 Extra"]
[Source "ChessBase"]
[SourceDate "2012.06.22"]
[SourceVersion "1"]
[SourceVersionDate "2012.06.22"]
[SourceQuality "1"]

1. e4 c5 2. Nf3 e6 3. d3 Nc6 4. g3 g6 5. Bg2 Bg7 6. 0-0 Nge7 7. c3 0-0 8. Bg5 d5 9. Qc1 d4 10. c4 e5 11. Na3 Rb8 12. Qd2 a6 13. Ne1 f5 14. exf5 Bxf5 15. Qd1 Qd7 16. Qe2 b5 17. b3 Kh8 18. Rc1 b4 19. Nb1 Nc8 20. Rd1 Nd6 21. Bc1 a5 22. Nd2 a4 23. Ne4 Nb7 24. bxa4 Ra8 25. Qc2 Ra5 26. a3 Rfa8 27. axb4 cxb4 28. f4 Rxa4 29. Rf2 R8a5 30. fxe5 Nxe5 31. Nf3 Ng4 32. Re2 Ne3 33. Bxe3 dxe3 34. c5 Ra2 35. Qc4 Rxe2 36. c6 Qc7 37. cxb7 Qxb7 38. Nd6 Qd5 39. Qc7 Rxg2+ 40. Kxg2 h6 41. Nxf5 Qxf5 42. Nh4 Ra2+ 43. Kh1 Qd5+ 44. Kg1 e2 45. Nxg6+ Kh7 46. Re1 Kxg6 47. h4 Bd4+ 48. Kh2 Bf2 49. Qe7 Bxe1 50. Qe8+ Kf6 51. Qf8+ Ke5 52. Qg7+ Kd6 53. Qf8+ Kc6 54. Qc8+ Kb5 55. Qe8+ Ka5 0-1

[Event "EU-ch 13th"]
[Site "Plovdiv"]
[Date "2012.03.27"]
[Round "7"]
[White "Mihopoulos, Konstantinos"]
[Black "Katsarov, Hristo"]
[Result "1-0"]
[WhiteElo "1951"]
[BlackElo "1495"]
[PlyCount "28"]
[EventDate "2012.03.20"]
[EventType "swiss"]
[EventRounds "11"]
[EventCountry "BUL"]
[SourceTitle "CBM 148"]
[Source "ChessBase"]
[SourceDate "2012.05.16"]
[SourceVersion "1"]
[SourceVersionDate "2012.05.16"]
[SourceQuality "1"]

1. c4 e5 2. g3 Nf6 3. Bg2 c6 4. d4 Bb4+ 5. Bd2 Qa5 6. dxe5 Bxd2+ 7. Qxd2 Qxe5 8. Nc3 0-0 9. Nf3 Qc5 10. b3 b5 11. cxb5 cxb5 12. Qd4 Qh5 13. Qe5 Ba6 14. Nd5 Nc6 1-0

[Event "Petroupoli op"]
[Site "Petroupoli"]
[Date "2012.01.18"]
[Round "2"]
[White "Mihopoulos, Konstantinos"]
[Black "Papathanasopoulos, Nikolaos"]
[Result "1-0"]
[WhiteElo "1990"]
[BlackElo "1671"]
[PlyCount "51"]
[EventDate "2012.01.14"]
[EventType "swiss"]
[EventRounds "7"]
[EventCountry "GRE"]
[SourceTitle "EXT 2013"]
[Source "ChessBase"]
[SourceDate "2012.11.22"]
[SourceVersion "1"]
[SourceVersionDate "2012.11.22"]
[SourceQuality "1"]

1. c4 e6 2. g3 Nf6 3. Bg2 d5 4. Nf3 Be7 5. 0-0 0-0 6. d4 c6 7. b3 b6 8. Nc3 Bb7 9. Bb2 Nbd7 10. Nd2 Rc8 11. e4 dxe4 12. Ndxe4 Nxe4 13. Nxe4 Nf6 14. Qc2 Qc7 15. Rad1 Rfd8 16. Rfe1 Nxe4 17. Bxe4 g6 18. h4 Bf6 19. h5 e5 20. hxg6 hxg6 21. dxe5 Rxd1 22. Qxd1 Rd8 23. Qa1 Bg7 24. e6 f5 25. e7 Qxe7 26. Bd5+ 1-0

[Event "GRE-ch U20"]
[Site "Nikaia"]
[Date "2012.01.05"]
[Round "3"]
[White "Grigoriadis, Mihail"]
[Black "Mihopoulos, Konstantinos"]
[Result "1/2-1/2"]
[WhiteElo "1775"]
[BlackElo "1990"]
[PlyCount "99"]
[EventDate "2012.01.03"]
[EventType "swiss"]
[EventRounds "7"]
[EventCountry "GRE"]
[SourceTitle "CBM 146 Extra"]
[Source "ChessBase"]
[SourceDate "2012.02.29"]
[SourceVersion "1"]
[SourceVersionDate "2012.02.29"]
[SourceQuality "1"]

1. e4 g6 2. d4 Bg7 3. c4 c5 4. d5 d6 5. Nc3 e6 6. Bd3 exd5 7. exd5 Ne7 8. Nge2 0-0 9. h4 h6 10. Bf4 Bf5 11. Bxf5 Nxf5 12. Qd2 a6 13. 0-0-0 Kh7 14. g4 Nd4 15. Nxd4 cxd4 16. Ne4 b5 17. cxb5 axb5 18. Kb1 f5 19. gxf5 gxf5 20. Ng3 Qe7 21. Qd3 Qf7 22. Qb3 Na6 23. Bxd6 Rfd8 24. Bf4 Qxd5 25. Qxd5 Rxd5 26. Rhe1 Ra7 27. Nh5 Nc5 28. Nxg7 Rxg7 29. Re5 Rgd7 30. Rxd5 Rxd5 31. f3 Kg6 32. Kc2 Ne6 33. Bd2 Kh5 34. Re1 Rd6 35. f4 Kxh4 36. Rh1+ Kg4 37. Rxh6 Rc6+ 38. Kd1 Kf3 39. Rf6 Ke4 40. a3 Nd8 41. Rxc6 Nxc6 42. b3 Kd3 43. a4 b4 44. Be1 Ke4 45. Bd2 Kf3 46. Ke1 d3 47. Kd1 Ke4 48. Ke1 Kd4 49. Kd1 Ke4 50. Ke1 1/2-1/2

[Event "Isthmia op 1st"]
[Site "Vrachati"]
[Date "2011.08.25"]
[Round "9"]
[White "Michelakos, Panagiotis"]
[Black "Mihopoulos, Konstantinos"]
[Result "1-0"]
[WhiteElo "2111"]
[BlackElo "1968"]
[PlyCount "47"]
[EventDate "2011.08.18"]
[EventType "swiss"]
[EventRounds "9"]
[EventCountry "GRE"]
[SourceTitle "CBM 144 Extra"]
[Source "ChessBase"]
[SourceDate "2011.10.28"]
[SourceVersion "1"]
[SourceVersionDate "2011.10.28"]
[SourceQuality "1"]

1. d4 d5 2. c4 e6 3. Nc3 Be7 4. cxd5 exd5 5. Bf4 Nf6 6. e3 0-0 7. Bd3 c5 8. Nge2 Nc6 9. dxc5 Bxc5 10. 0-0 a6 11. Rc1 Ba7 12. Bg5 Be6 13. Nf4 d4 14. Ne4 Ne5 15. Bxf6 gxf6 16. Nh5 f5 17. Nef6+ Kh8 18. e4 Ng4 19. e5 Nxe5 20. Qd2 Rg8 21. Qh6 Nf3+ 22. Kh1 Ng5 23. Nxg8 Qxg8 24. Qf6+ 1-0

[Event "Isthmia op 1st"]
[Site "Vrachati"]
[Date "2011.08.21"]
[Round "4"]
[White "Mihopoulos, Konstantinos"]
[Black "Pavlidou, Ekaterini"]
[Result "1/2-1/2"]
[WhiteElo "1968"]
[BlackElo "2220"]
[PlyCount "90"]
[EventDate "2011.08.18"]
[EventType "swiss"]
[EventRounds "9"]
[EventCountry "GRE"]
[SourceTitle "CBM 144 Extra"]
[Source "ChessBase"]
[SourceDate "2011.10.28"]
[SourceVersion "1"]
[SourceVersionDate "2011.10.28"]
[SourceQuality "1"]

1. e4 c5 2. Nf3 d6 3. d4 cxd4 4. Nxd4 Nf6 5. Nc3 a6 6. Bg5 e6 7. f4 h6 8. Bxf6 Qxf6 9. Qd2 Qd8 10. 0-0-0 Be7 11. Kb1 Qc7 12. g4 Bd7 13. Bg2 Nc6 14. Nb3 0-0-0 15. h4 Kb8 16. g5 Rc8 17. e5 d5 18. Bxd5 Rhd8 19. Bf3 Nb4 20. Qg2 a5 21. a3 a4 22. Nd4 Qb6 23. axb4 Bxb4 24. Na2 Bc5 25. c3 a3 26. Ka1 Ba4 27. b3 Bxd4 28. bxa4 Rxc3 29. Nxc3 Qb3 30. Rxd4 Qxc3+ 31. Ka2 Rxd4 32. Rd1 Qc4+ 33. Ka1 Qc3+ 34. Ka2 Qc4+ 35. Ka1 Rxd1+ 36. Bxd1 Qd4+ 37. Ka2 Qxd1 38. gxh6 gxh6 39. Qe4 Qc1 40. Qb4 h5 41. Qxa3 Qxf4 42. Qf8+ Kc7 43. Qd6+ Kc8 44. Qf8+ Kd7 45. Qd6+ Kc8 1/2-1/2

[Event "GRE-chT 39th"]
[Site "Eretria"]
[Date "2011.07.03"]
[Round "1.12"]
[White "Terzis, Filippos Stamatis"]
[Black "Mihopoulos, Konstantinos"]
[Result "1-0"]
[WhiteElo "1713"]
[BlackElo "1968"]
[PlyCount "77"]
[EventDate "2011.07.03"]
[EventType "team-swiss"]
[EventRounds "7"]
[EventCountry "GRE"]
[SourceTitle "CBM 143 Extra"]
[Source "ChessBase"]
[SourceDate "2011.08.29"]
[SourceVersion "1"]
[SourceVersionDate "2011.08.29"]
[SourceQuality "1"]
[WhiteTeam "Patron"]
[BlackTeam "Amfissa Chess Union"]
[WhiteTeamCountry "GRE"]
[BlackTeamCountry "GRE"]

1. e4 g6 2. Nc3 Bg7 3. f4 c5 4. Nf3 e6 5. d3 Ne7 6. g3 0-0 7. Bg2 d6 8. 0-0 Nbc6 9. Kh1 a6 10. a3 b5 11. Rb1 d5 12. e5 b4 13. Ne2 Nf5 14. c3 a5 15. axb4 axb4 16. c4 dxc4 17. dxc4 Qxd1 18. Rxd1 Ra2 19. g4 Nh6 20. h3 Na5 21. Be3 Nb3 22. Nc1 Nxc1 23. Rdxc1 Bb7 24. Bxc5 Rc8 25. Bxb4 Be4 26. Ra1 Rxb2 27. Bd6 Rf2 28. Ra3 f6 29. Kg1 Re2 30. Bf1 Bxf3 31. Rxf3 Ra2 32. c5 Ra7 33. Bc4 Kf7 34. f5 gxf5 35. gxf5 Ke8 36. Bxe6 Rca8 37. c6 Nf7 38. c7 Nxd6 39. exd6 1-0

[Event "GRE-ch U18/20"]
[Site "Peristeri"]
[Date "2011.01.06"]
[Round "5"]
[White "Mihopoulos, Konstantinos"]
[Black "Papadimitriou, Athanasios"]
[Result "0-1"]
[WhiteElo "1964"]
[BlackElo "2178"]
[PlyCount "88"]
[EventDate "2011.01.03"]
[EventType "swiss"]
[EventRounds "9"]
[EventCountry "GRE"]
[SourceTitle "CBM 140 Extra"]
[Source "ChessBase"]
[SourceDate "2011.03.01"]
[SourceVersion "1"]
[SourceVersionDate "2011.03.01"]
[SourceQuality "1"]

1. e4 g6 2. d4 Bg7 3. Nf3 c6 4. c3 d5 5. e5 Nh6 6. Bd3 f6 7. 0-0 0-0 8. Re1 fxe5 9. Nxe5 Nf7 10. Bf4 Nd7 11. Bg3 Nfxe5 12. dxe5 Nc5 13. Bc2 Bf5 14. Na3 Qb6 15. Qd4 Ne4 16. Bxe4 Bxe4 17. b4 Qxd4 18. cxd4 Bh6 19. f3 Bf5 20. Rad1 a5 21. b5 Rfc8 22. Bh4 g5 23. g4 Bxg4 24. Bxg5 Bxg5 25. fxg4 cxb5 26. Nxb5 Rc2 27. a3 Rf8 28. Rd3 Rff2 29. h3 Rg2+ 30. Kh1 Rh2+ 31. Kg1 Rcg2+ 32. Kf1 Rb2 33. Kg1 Rhg2+ 34. Kh1 Rgc2 35. a4 Ra2 36. Red1 e6 37. Nd6 b6 38. Rb3 Rxa4 39. Rxb6 Ra3 40. Rb8+ Kg7 41. Nf5+ exf5 42. Rb7+ Kf8 43. Rxh7 Raa2 44. Re1 Be3 0-1